[Event "RUS Cup Qualifier 3"]
[Site "chessassistantclub.com INT"]
[Date "2004.10.21"]
[Round "?"]
[White "Asanov, Timur"]
[Black "Pridorozhni, Aleksei"]
[Result "1-0"]
[WhiteElo "2416"]
[BlackElo "2493"]
[PlyCount "81"]
[EventDate "2004.10.21"]
[EventType "swiss (blitz)"]
[EventRounds "13"]
[EventCountry "RUS"]
[SourceTitle "EXT 2006"]
[Source "ChessBase"]
[SourceDate "2005.11.24"]
[SourceVersion "1"]
[SourceVersionDate "2005.11.24"]
[SourceQuality "1"]

1. e3 d5 2. d4 c6 3. c4 Nf6 4. Nf3 Bg4 5. Nc3 e6 6. Bd3 Nbd7 7. 0-0 Bd6 8. h3 Bh5 9. Re1 0-0 10. b3 e5 11. Be2 Bxf3 12. Bxf3 e4 13. Be2 Rc8 14. a4 Re8 15. Ba3 Bb8 16. f4 exf3 17. Bxf3 Qc7 18. cxd5 Qh2+ 19. Kf1 cxd5 20. Nxd5 Nxd5 21. Bxd5 Nf6 22. Bf3 Bg3 23. Rc1 Bxe1 24. Qxe1 Rxc1 25. Qxc1 Ne4 26. Ke2 Ng5 27. Bxb7 Nxh3 28. Qc6 Rd8 29. Be7 Ng1+ 30. Kd3 Qb8 31. Bxd8 Qxd8 32. Qc8 Qxc8 33. Bxc8 h5 34. b4 g5 35. a5 Kf8 36. b5 Ke7 37. b6 axb6 38. a6 h4 39. a7 h3 40. gxh3 Nf3 41. a8Q 1-0

[Event "RUS Cup Qualifier 3"]
[Site "chessassistantclub.com INT"]
[Date "2004.10.21"]
[Round "?"]
[White "Asanov, Timur"]
[Black "Timofeev, Artyom"]
[Result "0-1"]
[WhiteElo "2416"]
[BlackElo "2575"]
[PlyCount "128"]
[EventDate "2004.10.21"]
[EventType "swiss (blitz)"]
[EventRounds "13"]
[EventCountry "RUS"]
[SourceTitle "EXT 2006"]
[Source "ChessBase"]
[SourceDate "2005.11.24"]
[SourceVersion "1"]
[SourceVersionDate "2005.11.24"]
[SourceQuality "1"]

1. e4 c5 2. Nf3 Nc6 3. Bb5 g6 4. 0-0 Bg7 5. Bxc6 dxc6 6. d3 e5 7. Be3 Qe7 8. Nbd2 Nf6 9. Nc4 Nd7 10. a4 a5 11. Qd2 b6 12. Bh6 0-0 13. Bxg7 Kxg7 14. Rfe1 f6 15. c3 Ba6 16. b3 Rad8 17. Qc2 Rb8 18. h3 Rfd8 19. d4 Bxc4 20. bxc4 exd4 21. cxd4 cxd4 22. Nxd4 Ne5 23. Red1 c5 24. Nb5 Rxd1+ 25. Rxd1 Rd8 26. Rd5 Nc6 27. f3 Nb4 28. Qc3 Nxd5 29. cxd5 Qe5 30. Qxe5 fxe5 31. Kf2 Kf6 32. Ke3 Ke7 33. Kd3 g5 34. Kc4 h5 35. Na7 Kd6 36. Nb5+ Kd7 37. Kd3 g4 38. hxg4 hxg4 39. Ke3 gxf3 40. g3 Rf8 41. Kf2 c4 42. g4 Rf7 43. g5 Rg7 44. Kxf3 Rxg5 45. Ke3 Rg3+ 46. Kf2 Rb3 47. Ke2 Rb4 48. Nc3 Kd6 49. Kd2 Rb2+ 50. Ke3 Kc5 51. Nb5 Rxb5 52. axb5 Kxb5 53. Kd2 Kc5 54. Kc3 b5 55. Kc2 b4 56. Kb2 a4 57. Kc2 a3 58. Kb1 b3 59. Kc1 c3 60. Kb1 c2+ 61. Kc1 a2 62. d6 Kxd6 63. Kb2 a1Q+ 64. Kxa1 c1Q# 0-1

[Event "RUS Cup Qualifier 3"]
[Site "chessassistantclub.com INT"]
[Date "2004.10.21"]
[Round "?"]
[White "Asanov, Timur"]
[Black "Zaitsev, Mikhail V"]
[Result "1/2-1/2"]
[WhiteElo "2416"]
[BlackElo "2401"]
[PlyCount "135"]
[EventDate "2004.10.21"]
[EventType "swiss (blitz)"]
[EventRounds "13"]
[EventCountry "RUS"]
[SourceTitle "EXT 2006"]
[Source "ChessBase"]
[SourceDate "2005.11.24"]
[SourceVersion "1"]
[SourceVersionDate "2005.11.24"]
[SourceQuality "1"]

1. e4 c5 2. Nf3 e6 3. d4 cxd4 4. Nxd4 Nc6 5. Nc3 Qc7 6. Be3 a6 7. Bd3 Nf6 8. 0-0 Bd6 9. h3 Be5 10. Nb3 Bf4 11. Qd2 Bxe3 12. Qxe3 0-0 13. f4 d6 14. a4 Nb4 15. Rac1 Bd7 16. a5 Rac8 17. Qd4 Nc6 18. Qf2 Nxa5 19. Nd4 Nc6 20. Nf3 Nb4 21. Rfd1 Qc5 22. Qxc5 dxc5 23. Ne5 Nxd3 24. Rxd3 Bb5 25. Rd6 Rfd8 26. Rcd1 Rxd6 27. Rxd6 Kf8 28. Rb6 Rc7 29. Nxb5 axb5 30. Rxb5 Nxe4 31. Kf1 Ke7 32. Ke2 f6 33. Nd3 c4 34. Nb4 Nd6 35. Rb6 Kd7 36. c3 Rc5 37. Nc2 Rb5 38. Rxb5 Nxb5 39. Ke3 Kd6 40. Ke4 f5+ 41. Ke3 e5 42. fxe5+ Kxe5 43. g3 g5 44. Ne1 f4+ 45. gxf4+ gxf4+ 46. Kf3 Nc7 47. Nc2 Ne6 48. Na3 Ng5+ 49. Kg4 h6 50. Nxc4+ Ke4 51. Nd6+ Ke3 52. Nc4+ Kd3 53. b3 Kxc3 54. Kxf4 Kxb3 55. Nd6 b6 56. Kg4 Kc3 57. h4 Ne6 58. Kh5 Kd4 59. Kxh6 Kd5 60. Nb5 Kc5 61. Na3 Kb4 62. Nb1 b5 63. Kg6 Kb3 64. h5 Nf4+ 65. Kg5 Nxh5 66. Kxh5 Kc2 67. Na3+ Kb2 68. Nxb5 1/2-1/2

[Event "RUS Cup Qualifier 3"]
[Site "chessassistantclub.com INT"]
[Date "2004.10.21"]
[Round "?"]
[White "Vlassov, Nikolai"]
[Black "Asanov, Timur"]
[Result "0-1"]
[WhiteElo "2466"]
[BlackElo "2416"]
[PlyCount "122"]
[EventDate "2004.10.21"]
[EventType "swiss (blitz)"]
[EventRounds "13"]
[EventCountry "RUS"]
[SourceTitle "EXT 2006"]
[Source "ChessBase"]
[SourceDate "2005.11.24"]
[SourceVersion "1"]
[SourceVersionDate "2005.11.24"]
[SourceQuality "1"]

1. e4 c5 2. c3 Nf6 3. e5 Nd5 4. d4 cxd4 5. cxd4 d6 6. Nf3 Nc6 7. Bc4 Nb6 8. Bb3 dxe5 9. d5 Na5 10. Nc3 g6 11. Nxe5 Bg7 12. Bf4 0-0 13. 0-0 Bf5 14. Re1 Re8 15. Qf3 Nxb3 16. axb3 Rf8 17. Ra5 Nc8 18. b4 Nd6 19. b3 Rc8 20. Rxa7 Rxc3 21. Qxc3 Nb5 22. Qc5 Nxa7 23. Qxa7 Qxd5 24. Qc5 Qxb3 25. Qxe7 b5 26. h3 Be6 27. Kh2 Rc8 28. Re3 Qd5 29. Ng4 Bxg4 30. hxg4 Bf8 31. Qf6 Rc6 32. Qa1 Rc4 33. g3 Rxb4 34. Re8 Re4 35. Rb8 Rxf4 36. gxf4 Qd6 37. Qe5 Qxe5 38. fxe5 b4 39. Rb7 Bc5 40. f4 Be3 41. Kg3 Bd2 42. Kf3 Bc3 43. Ke4 h5 44. gxh5 gxh5 45. f5 h4 46. f6 h3 47. Rb8+ Kh7 48. Rf8 h2 49. Rxf7+ Kg6 50. Rg7+ Kh6 51. Rg8 h1Q+ 52. Kf5 Qf3+ 53. Ke6 Qc6+ 54. Kf7 Bxe5 55. Rh8+ Kg5 56. Rg8+ Kf5 57. Rg6 Qe6+ 58. Kg7 Bxf6+ 59. Kh6 Qf7 60. Rg4 Qf8+ 61. Kh5 Qh8# 0-1